000 00811cam a2200253 a 4500
001 13458076
005 20180220035636.0
008 040114s2003 paua b 001 0 eng
010 _a 2004266893
020 _a0781736412
040 _aDLC
_cDLC
_dDLC
041 _aeng
080 _a617.96 fun
082 0 4 _a617.96 fun
_221
100 _a6
101 _aane
245 0 0 _aYao & Artusio's anesthesiology :
_ceditor, Fun-Sun F. Yao ; with 66 contributors.
246 3 _aYao and Artusio's anesthesiology
246 3 0 _aAnesthesiology
504 _aIncludes bibliographical references and index.
906 _a7
_bcbc
_corigcop
_d2
_encip
_f20
_gy-gencatlg
942 _2ddc
_cBK
999 _c42879
_d42879